Control techniques for carbon monoxide emissions from stationary sources

Αποθηκεύτηκε σε:
Λεπτομέρειες βιβλιογραφικής εγγραφής
Μορφή: Βιβλίο
Γλώσσα:English
Δημοσίευση: Washington : U.S. department of health,education,and welfare, 1970
Θέματα:
Ετικέτες: Προσθήκη ετικέτας
Δεν υπάρχουν, Καταχωρήστε ετικέτα πρώτοι!

MARC

LEADER 00000cam a2200000 i 4500
001 1/105596
008 950623s1970 eng d
035 |l 10013734 
040 |a GR-MY-UA  |b gre  |e aacr 
041 0 |a eng 
082 0 |a 628.5308 
245 1 0 |a Control techniques for carbon monoxide emissions from stationary sources 
260 |a Washington :   |b U.S. department of health,education,and welfare,   |c 1970 
300 |a Various paging  |b Fig., tables 
504 |a Icludes index, bibliographical references 
650 0 0 |a Carbon monoxide. 
650 0 0 |a Air  |x Pollution. 
852 |a INST  |b LESVOS  |e 19950623  |h 628.5308 UNI  |p 005100008565  |q 005100008565  |t BK  |y 0 
909 |a Λ  |b 008681 
970 |z 2000/05/ΟΙΚΟΝΟΜΟΠΟΥΛΟΥ ΧΡΙΣΤΙΝΑ